| 000 | 00406nam a2200169Ia 4500 | ||
|---|---|---|---|
| 008 | 180921t2013 xxu||||| |||| 00| 0 sin d | ||
| 041 | _asin | ||
| 080 |
_a8C2 _bSOF |
||
| 100 | _aSofoklees | ||
| 245 | _aඊඩිපස් නාටකය | ||
| 246 | _aEdipus Naatakaya | ||
| 260 |
_bSara _aNugegoda _c2013 |
||
| 300 | _b21 cm | ||
| 942 | _cBK | ||
| 999 |
_c5297 _d5297 |
||
| 003 | LK-CoDNM | ||
| 040 |
_aLK-CoDNM _dLK-CoDNM _eLK-CoDNM |
||